LEADER 01444nam0-22004331i-450- 001 990003048840403321 005 20080401154159.0 035 $a000304884 035 $aFED01000304884 035 $a(Aleph)000304884FED01 035 $a000304884 100 $a20030910d1967----km-y0itay50------ba 101 0 $aita 102 $aIT 105 $ay-------001yy 200 1 $aDirettrici dello sviluppo economico della Lucania$eschema di sviluppo agricolo ed extra agricolo della Lucania 1966-1981$fGabriele Gaetani D'Aragona 210 $aBari$cLaterza$d1967 215 $a225 p.$d25 cm 300 $aIn testa al front.: Comitato per lo studio delle prospettive di sviluppo delle provincie lucane presso la Camera di commercio di Potenza 610 0 $aAgricoltura$aItalia meridionale$aProgrammazione 610 0 $aDemografia$aStudi regionali 610 0 $aSviluppo agricolo 676 $a333.38 700 1$aGaetani d'Aragona,$bGabriele$068287 801 0$aIT$bUNINA$gRICA$2UNIMARC 901 $aBK 912 $a990003048840403321 952 $aF/1.4113 DIR$b2518/I$fSES 952 $aF/1.4113 DIR$b7989/I$fSES 952 $aF/1.4113 DIR$b7995/I$fSES 952 $aXXIV-C-25$b0022$fMAS 952 $a60 338.1 B 35$b41425$fFAGBC 952 $a17-348-TB$bTB$fECA 959 $aSES 959 $aMAS 959 $aFAGBC 959 $aECA 996 $aDirettrici dello sviluppo economico della Lucania$997427 997 $aUNINA LEADER 01414nlm 2200277Ia 450 001 996547471303316 005 20230919122008.0 100 $a19840504d1691---- uy | 101 0 $aeng 102 $aUK 135 $adrcnu 200 1 $a<> most compleat compendium of geography, general and special$edescribing all the empires, kingdoms and dominions in the world : shewing their bounds, situation, dimentions, ancient and modern names, history, government, religions, languages ... bishopricks and universities : in a more plain and easie method, more ... useful than any of the lesser sort : together with an appendix of the general rules for making a large geography, with the great uses of that science /$fcollected according to the latest discoveries and agreeing with the choicest and newest maps by Laurence Eachard 205 $a2. ed. corretta, molto migliorata e ampliata oltre un terzo. 210 1 $aLondon$cPrinted for Tho. Salisbury$d1691 215 $aTesto elettronico (PDF) ( [14], 207, [22] p. ) 230 $aBase dati testuale 300 $aRiproduzione dell'originale nella British Library 606 0 $aGeografia$2BNCF 676 $a910 700 1$aECHARD,$bLaurence$f1670?-1730.$0327605 801 0$aIT$bcba$cREICAT 912 $a996547471303316 959 $aEB 969 $aER 996 $aMost compleat compendium of geography, general and special$93554917 997 $aUNISA